| 000 | 01358nam a22002057a 4500 | ||
|---|---|---|---|
| 003 | IT-MiCISF | ||
| 005 | 20240509143443.0 | ||
| 008 | 240509b |||||||| |||| 00| 0 eng d | ||
| 020 | _a9788831555364 | ||
| 040 | _cIT-MiCISF | ||
| 041 | _ait | ||
| 100 |
_aBettetini Massimo _959034 |
||
| 245 |
_aGrandi Insieme. _bGenitori e figli 12-18 anni |
||
| 260 |
_aMilano, _bPaoline, _c2022 |
||
| 500 | _aeducazione, figli-adolescenti | ||
| 520 | _aTratta delle problematiche e delle speranze dell'adolescenza, un'età difficile in cui criticità e fragilità possono trasformarsi in occasioni di consapevolezza e crescita. L'autore presenta i temi più frequenti in questa fascia d'età: desiderio di libertà, rapporto con se stessi e con il gruppo dei pari, figure adulte di riferimento, disordini alimentari, autolesionismo, dipendenze, piercing e tatuaggi, sfide social... Terzo di tre volumi, è aggiornato a temi di attualità e risponde a molte delle domande sulla complessità dell'oggi. Alla fine di ogni capitolo del libro tre Domande e risposte che esaminano situazioni concrete della vita quotidiana. Ogni libro si conclude con L'ABC del cuore: una voce per ogni lettera dell'alfabeto per affrontare in famiglia l'affettività e i suoi aspetti. Sette lettere per ciascun libro. | ||
| 650 | _aEducazione | ||
| 654 | _asaggio | ||
| 942 |
_2ddc _cBK |
||
| 999 |
_c360077 _d360079 |
||